Normal view MARC view
  • Zainuddin Maidin,

Entry Personal Name

Number of records used in: 1

001 - CONTROL NUMBER

  • control field: 8264

003 - CONTROL NUMBER IDENTIFIER

  • control field: OSt

005 - DATE AND TIME OF LATEST TRANSACTION

  • control field: 20170525153558.0

008 - FIXED-LENGTH DATA ELEMENTS

  • fixed length control field: 170525|| aca||aabn | a|a d

040 ## - CATALOGING SOURCE

  • Original cataloging agency: OSt
  • Transcribing agency: OSt

100 ## - HEADING--PERSONAL NAME

  • Personal name: Zainuddin Maidin,
  • Titles and other words associated with a name: Dato'
  • Form subdivision: Anecdots

670 ## - SOURCE DATA FOUND

  • Source citation: Work cat.: (OSt)0: Zainuddin Maidin 102, Wira tak didendang /, 2004
Pusat Sumber Maklumat Dato' Haji Sarmin Md Hussin, Akademi Kastam Diraja Malaysia, Melaka
Tel: 06-2331106 | Faks: 06-2313787